Managerial Economics (Record no. 1096)

MARC details
000 -LEADER
fixed length control field 00420nam a22001697a 4500
005 - DATE AND TIME OF LATEST TRANSACTION
control field 20180323122548.0
008 - FIXED-LENGTH DATA ELEMENTS--GENERAL INFORMATION
fixed length control field 160519b xxu||||| |||| 00| 0 eng d
020 ## - INTERNATIONAL STANDARD BOOK NUMBER
ISBN 81-87344-58-X
041 ## - LANGUAGE CODE
Language code of text/sound track or separate title eng
082 ## - DEWEY DECIMAL CLASSIFICATION NUMBER
Item number 3202
Classification number 338.5024658
100 ## - MAIN ENTRY--AUTHOR NAME
Personal name Jain/ TR Khanna/OP
245 ## - TITLE STATEMENT
Title Managerial Economics
260 ## - PUBLICATION, DISTRIBUTION, ETC. (IMPRINT)
Place of publication New Delhi
Name of publisher Vikash Publishing,
Year of publication 2010
300 ## - PHYSICAL DESCRIPTION
Number of Pages 588
650 ## - SUBJECT ADDED ENTRY--TOPICAL TERM
Topical Term Management
942 ## - ADDED ENTRY ELEMENTS (KOHA)
Koha item type Books
Holdings
Lost status Damaged status Collection code Home library Current library Shelving location Date acquired Cost, normal purchase price Full call number Accession Number Koha item type
    MANAGEMENT JRU Library JRU Library SHELF-75-I 19/05/2016 350.00 338.502 465 8 3202 Books
Lost and Paid For     JRU Library   SHELF - 12 - C 19/05/2016 350.00 338.502 465 8 3203 Books
    MANAGEMENT JRU Library JRU Library SHELF-60-B 19/05/2016 350.00 338.502 465 8 3204 Books
    MANAGEMENT JRU Library JRU Library SHELF-60-B 19/05/2016 350.00 338.502 465 8 3205 Books
    MANAGEMENT JRU Library   SHELF-60-B 19/05/2016 350.00 338.502 465 8 3206 Books
    MANAGEMENT JRU Library JRU Library SHELF-60-B 19/05/2016 350.00 338.502 465 8 3207 Books
    MANAGEMENT JRU Library JRU Library SHELF-60-B 19/05/2016 350.00 338.502 465 8 3208 Books
    MANAGEMENT JRU Library JRU Library SHELF-60-B 19/05/2016 350.00 338.502 465 8 3209 Books
    MANAGEMENT JRU Library JRU Library SHELF-60-B 19/05/2016 350.00 338.502 465 8 3210 Books